[Event "Winnipeg Shpan Memorial"]
[Site "Winnipeg"]
[Date "2010.11.16"]
[Round "3"]
[White "Czarny, Keith"]
[Black "Kontzamanis, Michael"]
[Result "1-0"]
[WhiteElo "1621"]
[BlackElo "1308"]
[PlyCount "53"]
[EventDate "2010.11.02"]
[EventType "swiss"]
[EventRounds "6"]
[EventCountry "CAN"]
[SourceTitle "EXT 2022"]
[Source "ChessBase"]
[SourceDate "2021.10.06"]
[SourceVersion "1"]
[SourceVersionDate "2021.10.06"]
[SourceQuality "1"]

1. Nf3 Nf6 2. c4 c5 3. g3 Nc6 4. Bg2 d5 5. cxd5 Nxd5 6. 0-0 e5 7. d3 Be6 8. Ng5 Bg4 9. h3 Bh5 10. Qb3 Nce7 11. Nc3 Nxc3 12. bxc3 h6 13. Ne4 b6 14. Qb5+ Qd7 15. Nd6+ Kd8 16. Nxf7+ Bxf7 17. Qxd7+ Kxd7 18. Bxa8 Nc6 19. Bb2 Bd6 20. Bxc6+ Kxc6 21. c4 Re8 22. f3 g5 23. Bc3 e4 24. fxe4 Bxg3 25. Rxf7 a5 26. Raf1 Re6 27. R1f6 1-0